000 00345nam a2200157Ia 4500
100 _aDr.Ignacimuthu S
650 _aPhilosophy
942 _cBK
366 _f25
654 _ahappy
245 _aBeing happy and successfull
260 _bBetter Yourself Books
_aBandra
_c2001
082 _a170/IGN
_bIGN
300 _a139
546 _aENGLISH
999 _c34247
_d34247